[Event "BRA-ch Amateurs U1700"]
[Site "Sao Paulo"]
[Date "2024.05.30"]
[Round "2"]
[White "Venter, Paulo Regis"]
[Black "Re, Vinicius"]
[Result "1-0"]
[WhiteElo "1693"]
[BlackElo "1553"]
[PlyCount "74"]
[EventDate "2024.05.30"]
[EventType "swiss"]
[EventRounds "7"]
[EventCountry "BRA"]
[SourceTitle "CBM 220 Extra"]
[Source "ChessBase"]
[SourceDate "2024.07.31"]
[SourceVersion "1"]
[SourceVersionDate "2024.07.31"]
[SourceQuality "1"]

1. c4 Nf6 2. Nc3 g6 3. g3 Bg7 4. Bg2 0-0 5. Nf3 Nc6 6. d4 d6 7. 0-0 e5 8. d5 Ne7 9. e4 Nh5 10. h3 f5 11. exf5 gxf5 12. Bg5 Nf6 13. Qd2 Ng6 14. Rac1 f4 15. Rfe1 h6 16. Bxf6 Qxf6 17. Ne4 Qe7 18. c5 fxg3 19. fxg3 Bxh3 20. cxd6 cxd6 21. Qb4 Rad8 22. Rc3 Bf5 23. Rec1 Bxe4 24. Qxe4 Qf6 25. Rc7 Rf7 26. Rxf7 Qxf7 27. Bh3 Rf8 28. Be6 Qxe6 29. dxe6 Ne7 30. Qxb7 Re8 31. Qd7 Kf8 32. Qxd6 e4 33. Qf4+ Kg8 34. Qf7+ Kh7 35. Qxe8 Ng6 36. Nh4 Nxh4 37. gxh4 e3 1-0

[Event "Sao Paulo Sampa op"]
[Site "Sao Paulo"]
[Date "2024.02.04"]
[Round "9"]
[White "Re, Vinicius"]
[Black "Lima, Hamilton Da Silva"]
[Result "0-1"]
[WhiteElo "1195"]
[BlackElo "1778"]
[PlyCount "78"]
[EventDate "2024.01.29"]
[EventType "swiss"]
[EventRounds "9"]
[EventCountry "BRA"]
[SourceTitle "EXT 2025"]
[Source "ChessBase"]
[SourceDate "2024.10.14"]
[SourceVersion "1"]
[SourceVersionDate "2024.10.14"]
[SourceQuality "1"]

1. e4 e5 2. Nf3 Nc6 3. Bc4 Bc5 4. Nc3 Nf6 5. d3 0-0 6. Bg5 Be7 7. 0-0 a6 8. Qd2 d6 9. h3 Na5 10. Nd5 Nxc4 11. dxc4 Nxd5 12. cxd5 f5 13. Rfe1 f4 14. Bxe7 Qxe7 15. Rac1 Rf6 16. Kf1 Rh6 17. Qd3 Bd7 18. c4 g5 19. Nd2 g4 20. hxg4 Bxg4 21. f3 Bd7 22. b4 Qg5 23. Ke2 Rh2 24. Rg1 Rxg2+ 25. Rxg2 Qxg2+ 26. Kd1 Ba4+ 27. Ke1 Kh8 28. Qf1 Qg3+ 29. Qf2 Rg8 30. Nf1 Qg5 31. c5 Bb5 32. Kd2 Qg2 33. Ke1 Qh1 34. cxd6 cxd6 35. Kd2 Rg2 36. Rc8+ Kg7 37. Rc7+ Kg6 38. Ke1 Rxf2 39. Kxf2 Qxf1# 0-1

[Event "Sao Paulo Sampa op"]
[Site "Sao Paulo"]
[Date "2024.02.01"]
[Round "5"]
[White "Re, Vinicius"]
[Black "Munhoz, Joao Pedro"]
[Result "0-1"]
[WhiteElo "1195"]
[BlackElo "1608"]
[PlyCount "74"]
[EventDate "2024.01.29"]
[EventType "swiss"]
[EventRounds "9"]
[EventCountry "BRA"]
[SourceTitle "CBM 218 Extra"]
[Source "ChessBase"]
[SourceDate "2024.03.31"]
[SourceVersion "1"]
[SourceVersionDate "2024.03.31"]
[SourceQuality "1"]

1. e4 c5 2. Nf3 Nc6 3. d4 cxd4 4. Nxd4 g6 5. Be3 Bg7 6. Nc3 Nf6 7. Bc4 0-0 8. 0-0 d6 9. Nf3 Bg4 10. h3 Bxf3 11. Qxf3 Ne5 12. Qe2 Nxc4 13. Qxc4 Qa5 14. Rad1 Rfc8 15. Qb3 Rc7 16. Nd5 Nxd5 17. Rxd5 Qa6 18. Rfd1 Qc4 19. Qxc4 Rxc4 20. c3 Rxe4 21. Bd4 Bxd4 22. R1xd4 Rxd4 23. Rxd4 Rc8 24. Rb4 Rc7 25. Re4 e6 26. c4 Kf8 27. Rd4 Ke7 28. b3 e5 29. Rh4 h5 30. f4 Ke6 31. Kf2 b5 32. Kf3 bxc4 33. bxc4 f5 34. fxe5 dxe5 35. Ke3 f4+ 36. Kd3 Kf5 37. g3 Rh7 0-1

[Event "Campos do Jordao op"]
[Site "Campos do Jordao"]
[Date "2024.01.13"]
[Round "2"]
[White "Machado, Marcos Donizete"]
[Black "Re, Vinicius"]
[Result "1-0"]
[WhiteElo "1547"]
[BlackElo "1177"]
[PlyCount "65"]
[EventDate "2024.01.12"]
[EventType "swiss"]
[EventRounds "5"]
[EventCountry "BRA"]
[SourceTitle "CBM 218 Extra"]
[Source "ChessBase"]
[SourceDate "2024.03.31"]
[SourceVersion "1"]
[SourceVersionDate "2024.03.31"]
[SourceQuality "1"]

1. e4 e5 2. Nf3 Nc6 3. Bb5 a6 4. Ba4 Nf6 5. d3 Bc5 6. 0-0 b5 7. Bb3 0-0 8. c3 d6 9. h3 h6 10. Re1 Re8 11. Nbd2 Bb7 12. Nf1 Na5 13. Bc2 Bb6 14. Ng3 c5 15. Be3 d5 16. exd5 Bxd5 17. Ne4 Nc6 18. Nxc5 Qe7 19. Ne4 Bxe3 20. Rxe3 Nxe4 21. dxe4 Bc4 22. Qe1 b4 23. Ba4 Bb5 24. Bb3 Qc5 25. Bd5 bxc3 26. Rxc3 Qb6 27. a4 Rac8 28. axb5 axb5 29. Rac1 Ne7 30. Rxc8 Nxc8 31. Qc3 Nd6 32. Qc7 Qa6 33. Rc6 1-0

[Event "Sao Paulo Hebraica op 30th"]
[Site "Sao Paulo"]
[Date "2023.02.10"]
[Round "2"]
[White "Re, Vinicius"]
[Black "Michelsohn, Rafael"]
[Result "0-1"]
[WhiteElo "1762"]
[BlackElo "1232"]
[PlyCount "62"]
[EventDate "2023.02.10"]
[EventType "swiss"]
[EventRounds "7"]
[EventCountry "BRA"]
[SourceTitle "CBM 212 Extra"]
[Source "ChessBase"]
[SourceDate "2023.03.31"]
[SourceVersion "1"]
[SourceVersionDate "2023.03.31"]
[SourceQuality "1"]

1. e4 c5 2. Nf3 e6 3. Nc3 Nc6 4. Bc4 Nf6 5. d3 d5 6. exd5 exd5 7. Bb3 Be6 8. Bg5 Be7 9. 0-0 h6 10. Bh4 0-0 11. h3 a6 12. Re1 c4 13. Bxf6 Bxf6 14. Ba4 b5 15. dxc4 dxc4 16. Nxb5 axb5 17. Bxb5 Qxd1 18. Rexd1 Na7 19. Ba4 Bxb2 20. Rab1 c3 21. Re1 Bxa2 22. Rbd1 Rfd8 23. Rxd8+ Rxd8 24. Re7 Nc8 25. Rc7 Nb6 26. Bc6 Rc8 27. Ra7 Rxc6 28. Rxa2 Nc4 29. Nd4 Rd6 30. Nf5 Rd1+ 31. Kh2 Na3 0-1

[Event "BRA-ch Amateur U1600"]
[Site "Sao Paulo"]
[Date "2022.06.19"]
[Round "7"]
[White "Re, Vinicius"]
[Black "Roeder, Guilherme H Oliveir"]
[Result "1-0"]
[WhiteElo "1800"]
[BlackElo "1736"]
[PlyCount "61"]
[EventDate "2022.06.16"]
[EventType "swiss"]
[EventRounds "7"]
[EventCountry "BRA"]
[SourceTitle "CBM 208 Extra"]
[Source "ChessBase"]
[SourceDate "2022.07.31"]
[SourceVersion "1"]
[SourceVersionDate "2022.07.31"]
[SourceQuality "1"]

1. e4 c5 2. Nf3 Nc6 3. d4 cxd4 4. Nxd4 g6 5. Nxc6 bxc6 6. Bc4 e6 7. Nc3 Bg7 8. 0-0 Nf6 9. Bg5 0-0 10. e5 d5 11. exf6 Bxf6 12. Bxf6 Qxf6 13. Bb3 a5 14. a4 Rb8 15. Ne2 c5 16. c4 dxc4 17. Bxc4 Rxb2 18. Rb1 Rxb1 19. Qxb1 Bd7 20. Bb5 Be8 21. Bxe8 Rxe8 22. Qb5 Qe5 23. Qxe8+ Kg7 24. Qb5 f5 25. h3 g5 26. f4 Qe3+ 27. Kh1 e5 28. fxg5 Qxg5 29. Qd7+ Kg6 30. Qe6+ Kh5 31. Rxf5 1-0

[Event "BRA-ch Amateur U1600"]
[Site "Sao Paulo"]
[Date "2022.06.17"]
[Round "3"]
[White "Re, Vinicius"]
[Black "De Almeida, Adrian Elias"]
[Result "0-1"]
[WhiteElo "1800"]
[BlackElo "1800"]
[PlyCount "84"]
[EventDate "2022.06.16"]
[EventType "swiss"]
[EventRounds "7"]
[EventCountry "BRA"]
[SourceTitle "CBM 208 Extra"]
[Source "ChessBase"]
[SourceDate "2022.07.31"]
[SourceVersion "1"]
[SourceVersionDate "2022.07.31"]
[SourceQuality "1"]

1. e4 c5 2. Nf3 e6 3. d4 cxd4 4. Nxd4 Nc6 5. Nc3 Qc7 6. Bc4 Nf6 7. Bg5 Be7 8. Bxf6 Bxf6 9. Qd2 Nxd4 10. 0-0-0 Qxc4 11. Qf4 Qxc3 12. Rd2 Ne2+ 13. Rxe2 Qxb2+ 14. Kd1 Qb1+ 15. Qc1 Qxc1+ 16. Kxc1 Ke7 17. f4 d6 18. e5 dxe5 19. fxe5 Bg5+ 20. Kb1 b6 21. Rf2 Bb7 22. Rhf1 Rhf8 23. Kb2 Be3 24. Re2 Ba6 25. Rxe3 Bxf1 26. Rc3 Bxg2 27. Rc7+ Kd8 28. Rc4 Rc8 29. Rd4+ Ke7 30. Rg4 Bh3 31. Rxg7 Bf5 32. Rg2 Rxc2+ 33. Rxc2 Bxc2 34. Kxc2 Rg8 35. h4 Rg3 36. a4 Kd7 37. h5 Kc6 38. h6 Kd5 39. a5 Kc4 40. axb6 Rg2+ 41. Kd1 Kd3 42. bxa7 Rg1# 0-1